Βασική παθολογική ανατομική

Αποθηκεύτηκε σε:
Λεπτομέρειες βιβλιογραφικής εγγραφής
Άλλοι συγγραφείς: Rubin, Emanuel 1928- (Επιμελητής έκδοσης), Δάβαρης, Παναγιώτης (Επιμελητής έκδοσης)
Μορφή: Βιβλίο
Γλώσσα:Greek
Δημοσίευση: Αθήνα : Πασχαλίδης, c2010
Θέματα:
Ετικέτες: Προσθήκη ετικέτας
Δεν υπάρχουν, Καταχωρήστε ετικέτα πρώτοι!

MARC

LEADER 00000cam a2200000 i 4500
001 1/27021
008 130305s2010 gre d
020 |a 960-399-061-2 (τ.1) 
020 |a 960-399-062-0 (τ.2) 
035 |l 10113939 
040 |a GR-MY-UA  |b gre  |e aacr 
041 0 |a gre 
082 0 |a 616.07  |2 (22) 
245 1 0 |a Βασική παθολογική ανατομική /  |c [επιμέλεια Emmanuel Rubin] ; γενική επιμέλεια Παναγιώτης Δάβαρης ; επιμέλεια ελληνικής έκδοσης Λυδία Νακοπούλου 
260 |a Αθήνα :   |b Πασχαλίδης,   |c c2010 
300 |a 2 τ.;  |b εικ.;  |c 28 εκ. 
500 |a Τίτλος πρωτοτύπου: Essential pathology 
504 |a Περιλαμβάνει ευρετήριο 
650 0 0 |a Pathology. 
650 0 0 |a Physiology, Pathological. 
700 1 |a Rubin, Emanuel  |d 1928-  |e edt 
700 1 |a Δάβαρης, Παναγιώτης,  |e edt 
852 |a INST  |b LEMNOS  |c EUDOXUS  |e 20130305  |h 616.07 ΒΑΣ  |p 005600000740  |q 005600000740  |t EDX  |y 0  |z τ.2 
852 |a INST  |b LEMNOS  |c EUDOXUS  |e 20130305  |h 616.07 ΒΑΣ  |p 005600000743  |q 005600000743  |t EDX  |y 0  |z τ.1 
852 |a INST  |b LEMNOS  |c EUDOXUS  |e 20130517  |h 616.07 ΒΑΣ  |p 005600000866  |q 005600000866  |t EDX  |y 0  |z τ.2 
852 |a INST  |b LEMNOS  |c EUDOXUS  |e 20130517  |h 616.07 ΒΑΣ  |p 005600000870  |q 005600000870  |t EDX  |y 0  |z τ.1 
852 |a INST  |b LEMNOS  |c EUDOXUS  |e 20130305  |h 616.07 ΒΑΣ  |p 005600000740  |q 005600000740  |t EDX  |v τ.2:  |y 0  |z τ.2 
852 |a INST  |b LEMNOS  |c EUDOXUS  |e 20130305  |h 616.07 ΒΑΣ  |p 005600000743  |q 005600000743  |t EDX  |v τ.1:  |y 0  |z τ.1 
852 |a INST  |b LEMNOS  |c EUDOXUS  |e 20130517  |h 616.07 ΒΑΣ  |p 005600000866  |q 005600000866  |t EDX  |v τ.2:  |y 0  |z τ.2 
852 |a INST  |b LEMNOS  |c EUDOXUS  |e 20130517  |h 616.07 ΒΑΣ  |p 005600000870  |q 005600000870  |t EDX  |v τ.1:  |y 0  |z τ.1 
853 |a INST  |b LEMNOS  |c EUDOXUS  |h 616.07 ΒΑΣ 
901 |a BIBL6-2013-1 
909 |a Μ  |b 161013 
909 |a Μ  |b 161014 
909 |a Μ  |b 161144 
909 |a Μ  |b 161140 
920 |a ΕΥΔΟΞΟΣ  |b ΠΑΡΑΓΓΕΛΙΑ  |y ΛΗΜΝΟΣ-ΤΕΤΔ  |z 2013-02 
920 |a ΕΥΔΟΞΟΣ  |b ΠΑΡΑΓΓΕΛΙΑ  |y ΛΗΜΝΟΣ-ΤΕΤΔ  |z 2013-04 
970 |a ΤΣΟΥΚΑΛΑ  |b ΑΛΙΚΗ  |z 2013/01/